Compagnons de Baldur's Gate 1 et 2 - Statistiques

Statistiques générales
  • Ce quiz a été pris 32 fois
  • Le résultat moyen est 26 sur 47
Statistiques - réponses
Classe Personnage % Correct
guerrier / druide Jaheira
100%
rôdeur Minsc
100%
clerc Viconia DeVir
89%
voleur (BG1) voleur / mage (BG2) Imoen
78%
guerrier Khalid
78%
nécromancien Xzar
78%
guerrier / clerc Anomen Delryn
67%
clerc de Tempus Branwen
67%
chevalier noir Dorn Il-Khan
67%
conjurateur Edwin Odesseiron
67%
guerrier / voleur Montaron
67%
voleur / mage Nalia de'Arnise
67%
enchanteur Xan
67%
chasseur de primes Yoshimo
67%
clerc / mage Aérie
56%
guerrier / voleur Coran
56%
invocateur Dynaheir
56%
druide Faldorn
56%
maître-lames Haer'Dalis
56%
voleur Hexxat
56%
guerrier Kagain
56%
inquisiteur Keldorn Firecam
56%
guerrier Mazzy Fentan
56%
entropiste Neera
56%
clerc / illusionniste Quayle
56%
voleur Skie Écudargent
56%
clerc / voleur Tiax
56%
traqueur Valygar Corthala
56%
grizzly Wilson
56%
paladin Ajantis Ilvastarr
44%
voleur Alora
44%
ensorceleur Baeloth Barrityl
44%
métamorphe Cernd
44%
barde Eldoth Kron
44%
barde Garrick
44%
voleur / illusionniste Jan Jansen
44%
rôdeur Kivan
44%
berserker Korgan Rouge-Hache
44%
voleur Safana
44%
guerrier Sarevok Anchev
44%
guerrier Shar-Teel Dosan
44%
guerrier / clerc Yeslick Orothiar
44%
clerc / voleur Glint Gardnersonson
33%
chaman M'Khiin Grubdoubler
33%
moine de la Conscience Solaire Rasaad yn Bashir
33%
archer Schael Corwin
33%
scalde Voghiln le Vaste
33%
Aucun quiz correspondant
Distribution des résultats
% des personnes avec chaque résultat
Percentile par nombre de réponses
Votre historique - résultats
Vous n’avez pas pris ce quiz